| 000 | 00422nam a22001457a 4500 | ||
|---|---|---|---|
| 005 | 20260119160810.0 | ||
| 008 | 260119b |||||||| |||| 00| 0 eng d | ||
| 020 | _a978-9966-46-740-9 | ||
| 100 | _aNGAROGA, JOSEPH M. | ||
| 245 | _aEDUCATION FOR PRIMARY TEACHER EDUCATION | ||
| 260 |
_aNAIROBI _bEAST AFRICAN EDUCATIONAL PUBLISHERS _c2006 |
||
| 300 | _aIX, 436P. | ||
| 650 | _a1. EDUCATION, ELEMENTARY | ||
| 942 |
_2lcc _cBK |
||
| 999 |
_c216486 _d216486 |
||